000 00597nam a22001817a 4500
003 UA-OsUOA
001 17446
007 ta
008 20040301b un ||||| |||| 00| 0 ukr d
100 _aПогонська В.
942 _cSA
040 _aUA-OsUOA
_cUA-OsUOA
_dUA-OsUOA
245 _aСвіт доброти і казки - в "Агросвіті": [Про роботу торг. центру ТОВ "Агросвіт"]
300 _aС.8
955 _a0
773 0 _w0
_tСім днів
_dРівне
_d2004
_g№8/20 лют./
650 7 _aКраєзнавча робота
_2UDC
999 _c303614
_d303614